000
00291nam a22001217a 4500
008
170614b xxu||||| |||| 00| 0 eng d
041
_a
eng
080
_a
94(7/8)
100
_a
19
101
_a
SHH
245
_a
TWENTIETH AMERICA RECENT INTERPRETATION
_c
BERNESTEIN.B.J
942
_2
udc
_c
BK
999
_c
17388
_d
17388